000 00368nam a2200145Ia 4500
999 _c523278
_d523278
005 20190130144644.0
008 190125s9999 xx 000 0 und d
040 _cDLC
082 _a891.4393
_bSID
100 _aSadiq Hussain saddiqui
_913506
245 _aTariq bin Ziyad /
260 _b7th Sky Publications
_aLahore
_c2012
300 _a312p. :
942 _2ddc
_cBK